[Event "Gjøvik GM Swiss"]
[Site "Gjøvik, Norway"]
[Date "2008.12.29"]
[Round "1"]
[White "Gullaksen, Eirik T."]
[Black "Larsen, Tor Kristian"]
[Result "1-0"]
[WhiteElo "2400"]
[BlackElo "2109"]
[PlyCount "51"]
[EventDate "2008.12.29"]
[SourceDate "2008.12.29"]

1. e4 c5 2. Nf3 Nc6 3. Bb5 g6 4. Bxc6 dxc6 5. d3 Bg7 6. h3 Nf6 7. Nc3 Nd7 8.
Be3 e5 9. Qd2 Qe7 10. Bh6 f6 11. Nh2 Bxh6 12. Qxh6 c4 13. dxc4 Qb4 14. O-O-O
Qxc4 15. Ng4 Qf7 16. Rd6 Qe7 17. Rhd1 Rf8 18. f4 Rf7 19. f5 Nf8 20. Qd2 Bd7 21.
Nh6 Rg7 22. g4 g5 23. Na4 b6 24. Qd3 Rc8 25. Qb3 Rc7 26. Nc3 1-0

[Event "Gjøvik GM Swiss"]
[Site "Gjøvik, Norway"]
[Date "2008.12.29"]
[Round "1"]
[White "Devereaux, Maxim"]
[Black "Hagen, Anders G."]
[Result "1-0"]
[WhiteElo "2415"]
[BlackElo "2110"]
[PlyCount "59"]
[EventDate "2008.12.29"]
[SourceDate "2008.12.29"]

1. e4 c6 2. d4 d5 3. exd5 cxd5 4. Bd3 Nf6 5. c3 Nc6 6. Bf4 g6 7. h3 Bg7 8. Nf3
O-O 9. O-O a6 10. a4 Qb6 11. Qc2 Be6 12. Nbd2 Na5 13. Ng5 Bd7 14. Rfe1 Nh5 15.
Bh2 Qf6 16. Ngf3 Nf4 17. Bxf4 Qxf4 18. Rxe7 Be6 19. b4 Nc4 20. Rxb7 Qd6 21.
Nxc4 dxc4 22. Be4 f5 23. Rxg7+ Kxg7 24. Bxa8 Rxa8 25. Re1 Bd5 26. Ne5 Rf8 27.
Qe2 Qc7 28. Nf3 Qc6 29. Ng5 Kh6 30. Qe7 1-0

[Event "Gjøvik GM Swiss"]
[Site "Gjøvik, Norway"]
[Date "2008.12.29"]
[Round "1"]
[White "Bryn, Thomas"]
[Black "Sofrigin, Alexej"]
[Result "0-1"]
[WhiteElo "2025"]
[BlackElo "2252"]
[PlyCount "40"]
[EventDate "2008.12.29"]
[SourceDate "2008.12.29"]

1. d4 Nf6 2. Nf3 g6 3. c4 c5 4. d5 b5 5. cxb5 a6 6. b6 d6 7. Nc3 Nbd7 8. e4 Bg7
9. Bd3 O-O 10. O-O Nxb6 11. h3 e6 12. dxe6 fxe6 13. e5 dxe5 14. Be3 Bb7 15. Ng5
Re8 16. Bxc5 Nbd5 17. Nge4 Nxc3 18. Nxc3 Qc7 19. Ba3 Qc6 20. Qf3 e4 0-1

[Event "Gjøvik GM Swiss"]
[Site "Gjøvik, Norway"]
[Date "2008.12.29"]
[Round "1"]
[White "Savchenko, Yuri"]
[Black "Mamedjarova, Zeinab"]
[Result "0-1"]
[WhiteElo "2081"]
[BlackElo "2351"]
[PlyCount "58"]
[EventDate "2008.12.29"]
[SourceDate "2008.12.29"]

1. e4 e5 2. Bc4 Nc6 3. Nf3 Bc5 4. Nc3 Nf6 5. d3 d6 6. Bg5 h6 7. Bh4 g5 8. Bg3
Be6 9. Bxe6 fxe6 10. h4 g4 11. Nd2 Rg8 12. Nb3 Bb6 13. Qd2 h5 14. O-O-O a6 15.
Ne2 Qd7 16. f4 gxf3 17. gxf3 a5 18. Qh6 Qf7 19. Nd2 Nd4 20. Nxd4 Rxg3 21. Ne2
Ng8 22. Qh8 Rg7 23. Rhg1 Bxg1 24. Rxg1 Rxg1+ 25. Nxg1 O-O-O 26. Nh3 Qg6 27. Ng5
Nf6 28. Qxd8+ Kxd8 29. Nxe6+ Ke7 0-1

[Event "Gjøvik GM Swiss"]
[Site "Gjøvik, Norway"]
[Date "2008.12.29"]
[Round "1"]
[White "Blikra Vea, Odin"]
[Black "Mchedlishvili, Mikheil"]
[Result "0-1"]
[WhiteElo "2169"]
[BlackElo "2615"]
[PlyCount "38"]
[EventDate "2008.12.29"]
[SourceDate "2008.12.29"]

1. d4 Nf6 2. Nc3 d5 3. e4 Nxe4 4. Nxe4 dxe4 5. Bc4 Bf5 6. Ne2 e6 7. Be3 Nd7 8.
Bb3 Bd6 9. d5 e5 10. c3 Bg6 11. g4 h5 12. g5 Nc5 13. Bc2 Nd3+ 14. Bxd3 exd3 15.
Ng3 Be7 16. Qb3 O-O 17. h4 c6 18. dxc6 bxc6 19. Qc4 Qa5 0-1

[Event "Gjøvik GM Swiss"]
[Site "Gjøvik, Norway"]
[Date "2008.12.30"]
[Round "1"]
[White "Savchenko, Boris"]
[Black "Nielsen, Jørgen G."]
[Result "1-0"]
[WhiteElo "2648"]
[BlackElo "2184"]
[PlyCount "73"]
[EventDate "2008.12.29"]
[SourceDate "2008.12.29"]

1. e4 e5 2. Nf3 Nc6 3. Bb5 Nf6 4. O-O Bc5 5. Nxe5 Nxe5 6. d4 c6 7. dxe5 Nxe4 8.
Bd3 d5 9. exd6 Nxd6 10. Re1+ Kf8 11. Nc3 Be6 12. Qf3 Qd7 13. Na4 Bd4 14. Qf4
Nb5 15. c3 Bb6 16. Nxb6 axb6 17. Bc2 Nc7 18. Qb4+ Kg8 19. Qxb6 Nd5 20. Qd4 Nf6
21. Qxd7 Nxd7 22. a4 h6 23. a5 g6 24. Bxg6 Nc5 25. Bc2 Bb3 26. Bxb3 Nxb3 27.
Ra4 Nxc1 28. Rxc1 Kg7 29. Rg4+ Kf6 30. b4 Rad8 31. g3 Rhe8 32. Ra1 Re2 33. a6
bxa6 34. Rxa6 Re6 35. Rf4+ Ke7 36. Ra7+ Kd6 37. Rd4+ 1-0

[Event "Gjøvik GM Swiss"]
[Site "Gjøvik, Norway"]
[Date "2008.12.29"]
[Round "1"]
[White "Bjerke, Richard"]
[Black "Malakhatko, Vadim"]
[Result "0-1"]
[WhiteElo "2179"]
[BlackElo "2633"]
[PlyCount "70"]
[EventDate "2008.12.29"]
[SourceDate "2008.12.29"]

1. Nf3 d5 2. d4 Nf6 3. c4 e6 4. g3 dxc4 5. Qa4+ Nbd7 6. Bg2 a6 7. Qxc4 b5 8.
Qd3 Bb7 9. O-O c5 10. dxc5 Bxc5 11. Bf4 Qb6 12. Nbd2 Rd8 13. Qc3 Rc8 14. Qb3
Ng4 15. e3 O-O 16. h3 Ngf6 17. g4 Rfd8 18. Rfd1 Bd5 19. Qc3 Bf8 20. Qd4 Qb7 21.
g5 Ne4 22. Nxe4 Bxe4 23. Ne1 Bxg2 24. Nxg2 Be7 25. h4 Nc5 26. Qc3 Qf3 27. Rxd8+
Rxd8 28. Ne1 Qg4+ 29. Ng2 Bf8 30. Qa5 Rd5 31. Qb6 Ne4 32. Qb7 Nd2 33. Qb8 Nf3+
34. Kh1 Qh3+ 35. Bh2 e5 0-1

[Event "Gjøvik GM Swiss"]
[Site "Gjøvik, Norway"]
[Date "2008.12.29"]
[Round "1"]
[White "Bartel, Mateusz"]
[Black "Løvik, Lasse Østebø"]
[Result "1-0"]
[WhiteElo "2602"]
[BlackElo "2167"]
[PlyCount "57"]
[EventDate "2008.12.29"]
[SourceDate "2008.12.29"]

1. e4 e5 2. Nf3 Nc6 3. Bb5 a6 4. Ba4 Nf6 5. Qe2 b5 6. Bb3 Be7 7. c3 d6 8. O-O
Bg4 9. a4 Na5 10. Bc2 c6 11. d4 Nd7 12. Nbd2 O-O 13. b4 Nb7 14. Bb2 Qb6 15. h3
Bxf3 16. Nxf3 Bf6 17. d5 c5 18. Bd3 c4 19. Bc2 Qc7 20. Ra3 Nb6 21. Rfa1 Qd7 22.
Bc1 Rfb8 23. Be3 Bd8 24. Bxb6 Bxb6 25. axb5 a5 26. Nd2 Qxb5 27. Ba4 Qa6 28. Bc6
Rc8 29. Nxc4 1-0

[Event "Gjøvik GM Swiss"]
[Site "Gjøvik, Norway"]
[Date "2008.12.29"]
[Round "1"]
[White "Agdestein, Emil"]
[Black "Kulaots, Kaido"]
[Result "0-1"]
[WhiteElo "2145"]
[BlackElo "2556"]
[PlyCount "86"]
[EventDate "2008.12.29"]
[SourceDate "2008.12.29"]

1. d4 Nf6 2. Nf3 e6 3. Bg5 h6 4. Bxf6 Qxf6 5. g3 d5 6. Bg2 c5 7. c3 Nc6 8. O-O
Bd7 9. Re1 cxd4 10. cxd4 Bb4 11. Nc3 O-O 12. Rc1 Rfd8 13. a3 Bf8 14. e3 Be8 15.
Ne2 Bd6 16. Nf4 Na5 17. Nd3 Nc4 18. Nd2 Rac8 19. Nxc4 dxc4 20. Nf4 Bxf4 21.
gxf4 Bc6 22. Bxc6 Rxc6 23. Qe2 b5 24. a4 a6 25. Rc2 Rdc8 26. axb5 axb5 27. Rec1
Qf5 28. f3 Qd5 29. Kf2 b4 30. Qd2 Qa5 31. Ke2 c3 32. bxc3 b3 33. Rb2 Rxc3 34.
Rxc3 Rxc3 35. Ke1 Rxe3+ 36. Kf2 Qxd2+ 37. Rxd2 Rc3 38. Ke2 Rc8 39. Rb2 Rb8 40.
Kd3 g6 41. f5 gxf5 42. f4 Kg7 43. Ke3 Kf6 0-1

[Event "Gjøvik GM Swiss"]
[Site "Gjøvik, Norway"]
[Date "2008.12.29"]
[Round "1"]
[White "Gopal, Geetha Narayanan"]
[Black "Nyland, Thomas"]
[Result "1-0"]
[WhiteElo "2548"]
[BlackElo "2140"]
[PlyCount "63"]
[EventDate "2008.12.29"]
[SourceDate "2008.12.29"]

1. e4 e5 2. Nf3 Nc6 3. Bb5 Nf6 4. d3 d6 5. c3 Bd7 6. Nbd2 Be7 7. O-O O-O 8. Ba4
a6 9. Re1 b5 10. Bc2 Na5 11. d4 exd4 12. cxd4 c5 13. d5 Ng4 14. b3 Bf6 15. Rb1
Re8 16. h3 Ne5 17. Nh2 c4 18. b4 Nb7 19. f4 Ng6 20. Ndf3 Qc7 21. Ng4 Bxg4 22.
hxg4 Bc3 23. Re3 Bf6 24. g5 Bd8 25. f5 Ne5 26. Nxe5 dxe5 27. Rh3 g6 28. Qg4 a5
29. Qh4 h5 30. Bd1 Kf8 31. f6 axb4 32. Bxh5 1-0

[Event "Gjøvik GM Swiss"]
[Site "Gjøvik, Norway"]
[Date "2008.12.29"]
[Round "1"]
[White "Kveinys, Aloyzas"]
[Black "Svensen, Tarjei J."]
[Result "1-0"]
[WhiteElo "2533"]
[BlackElo "2128"]
[PlyCount "43"]
[EventDate "2008.12.29"]
[SourceDate "2008.12.29"]

1. d4 d5 2. c4 c6 3. Nf3 Nf6 4. e3 e6 5. Bd3 dxc4 6. Bxc4 b5 7. Be2 Bb7 8. O-O
a6 9. a4 b4 10. Nbd2 c5 11. Nc4 Nbd7 12. a5 Qc7 13. Nfe5 Be7 14. Bd2 Rd8 15.
Qa4 O-O 16. Rfc1 cxd4 17. exd4 Nxe5 18. dxe5 Rxd2 19. Nxd2 Qxe5 20. Bf3 Bxf3
21. Nxf3 Qxb2 22. Rc2 1-0

[Event "Gjøvik GM Swiss"]
[Site "Gjøvik, Norway"]
[Date "2008.12.29"]
[Round "1"]
[White "Haarr, Jon Kristian"]
[Black "Przezdziecka, Marta"]
[Result "0-1"]
[WhiteElo "2057"]
[BlackElo "2327"]
[PlyCount "108"]
[EventDate "2008.12.29"]
[SourceDate "2008.12.29"]

1. e4 c5 2. c3 d5 3. exd5 Qxd5 4. d4 Nf6 5. Nf3 Nc6 6. Be2 cxd4 7. cxd4 e6 8.
Nc3 Qd6 9. Nb5 Qd8 10. Bf4 Nd5 11. Bd2 Be7 12. O-O O-O 13. Re1 Bf6 14. Be3 b6
15. Rc1 Bb7 16. Nc3 Rc8 17. Ne4 Be7 18. Bd3 Nxe3 19. fxe3 f5 20. Nc3 Nb4 21.
Bb1 Bh4 22. Nxh4 Qxh4 23. a3 Nd5 24. Ba2 Kh8 25. Nxd5 Rxc1 26. Qxc1 Bxd5 27.
Bxd5 exd5 28. g3 Qe4 29. Qc7 h6 30. Qf4 Qc2 31. Qf2 Qe4 32. Qf4 Qe6 33. Rc1 Rc8
34. Rc3 Rxc3 35. bxc3 Qc8 36. Kf2 b5 37. Qd6 a5 38. Qxd5 Qxc3 39. Qxf5 b4 40.
Qf8+ Kh7 41. axb4 axb4 42. Qf5+ Kg8 43. d5 b3 44. Qe6+ Kh8 45. d6 Qc2+ 46. Kf3
b2 47. d7 Qd1+ 48. Kf4 b1=Q 49. Qe8+ Kh7 50. d8=Q Qf1+ 51. Ke5 Qff5+ 52. Kd6
Qb4+ 53. Kc7 Qfc5+ 54. Kd7 Qd6+ 0-1

[Event "Gjøvik GM Swiss"]
[Site "Gjøvik, Norway"]
[Date "2008.12.29"]
[Round "1"]
[White "Mamedjarova, Turkan"]
[Black "Strand, Håkon"]
[Result "1-0"]
[WhiteElo "2269"]
[BlackElo "2047"]
[PlyCount "69"]
[EventDate "2008.12.29"]
[SourceDate "2008.12.29"]

1. e4 c5 2. c3 e6 3. d4 d5 4. exd5 exd5 5. Nf3 Nf6 6. Bb5+ Bd7 7. Bd3 Be7 8.
O-O O-O 9. dxc5 Bxc5 10. Qc2 Nc6 11. Bg5 h6 12. Bh4 Rc8 13. Nbd2 Be7 14. a3 Re8
15. Rad1 Qb6 16. Rfe1 Be6 17. Qb1 a6 18. h3 Kf8 19. Bc2 Nd7 20. Bg3 Bf6 21. Nb3
Kg8 22. Nbd4 Nxd4 23. Nxd4 Nb8 24. Nxe6 fxe6 25. Re2 Nd7 26. Ba4 Re7 27. Qg6
Nf8 28. Qd3 Qc5 29. Qf3 Rd8 30. Rde1 b5 31. Bc2 Rde8 32. Bf4 Rf7 33. Qg3 Kh8
34. Bd6 Qc4 35. Bxf8 1-0

[Event "Gjøvik GM Swiss"]
[Site "Gjøvik, Norway"]
[Date "2008.12.29"]
[Round "1"]
[White "Umudova, Nargiz"]
[Black "Hobber, Anders"]
[Result "1-0"]
[WhiteElo "2219"]
[BlackElo "1987"]
[PlyCount "73"]
[EventDate "2008.12.29"]
[SourceDate "2008.12.29"]

1. e4 e6 2. d3 d5 3. Nd2 c5 4. Ngf3 Nf6 5. g3 Nc6 6. Bg2 Bd6 7. O-O O-O 8. Qe2
Bc7 9. c3 Rb8 10. Rd1 b6 11. Nf1 Ba6 12. e5 Nd7 13. Bf4 Re8 14. Qe3 f6 15. exf6
gxf6 16. Bxc7 Qxc7 17. d4 c4 18. h4 Bc8 19. N1h2 Nf8 20. Nd2 Qe7 21. Nxc4 Bd7
22. Nd2 Rbc8 23. Re1 Qg7 24. Qf3 Rc7 25. Qf4 Rcc8 26. h5 Qg5 27. Qxg5+ fxg5 28.
Ng4 Kg7 29. h6+ Kf7 30. Nf3 Kg6 31. Bf1 e5 32. Ngxe5+ Nxe5 33. Nxe5+ Kxh6 34.
Nxd7 Nxd7 35. Bh3 Rxe1+ 36. Rxe1 Rd8 37. Re6+ 1-0

[Event "Gjøvik GM Swiss"]
[Site "Gjøvik, Norway"]
[Date "2008.12.29"]
[Round "1"]
[White "Arvola, Benjamin"]
[Black "Zozulia, Anna"]
[Result "1-0"]
[WhiteElo "2096"]
[BlackElo "2380"]
[PlyCount "93"]
[EventDate "2008.12.29"]
[SourceDate "2008.12.29"]

1. e4 g6 2. Nc3 Bg7 3. h4 h5 4. Bc4 d6 5. d3 Nc6 6. Bg5 Nf6 7. Qd2 Na5 8. Bb3
c6 9. Nge2 Nxb3 10. axb3 a5 11. Ng3 Qc7 12. f4 Nh7 13. f5 Nxg5 14. hxg5 d5 15.
Qf2 h4 16. Nge2 dxe4 17. f6 exf6 18. gxf6 Bh6 19. Nxe4 Bf5 20. Rxh4 O-O-O 21.
Ra4 Qe5 22. Qb6 Be3 23. Qxe3 Rxh4 24. Nd6+ Qxd6 25. Rxh4 Qxf6 26. Rd4 Rh8 27.
Kd2 Bd7 28. Rf4 Qe6 29. Qa7 Rh5 30. Re4 Qd6 31. Qe3 Rh2 32. Qg5 Qd5 33. Qg3 Rh1
34. Re5 Qd6 35. Qe3 Rh2 36. Rg5 Qb4+ 37. c3 Qxb3 38. Rxa5 Qxb2+ 39. Ke1 b6 40.
Ra8+ Kb7 41. Rd8 Be6 42. Qe5 Rh1+ 43. Kf2 c5 44. Qb8+ Ka6 45. Rd6 Rh4 46. Qa8+
Kb5 47. Rxb6+ 1-0

[Event "Gjøvik GM Swiss"]
[Site "Gjøvik, Norway"]
[Date "2008.12.30"]
[Round "1"]
[White "Elsness, Frode"]
[Black "Sørgjerd, Jan"]
[Result "1/2-1/2"]
[WhiteElo "2440"]
[BlackElo "2123"]
[PlyCount "68"]
[EventDate "2008.12.29"]
[SourceDate "2008.12.29"]

1. d4 d5 2. c4 c6 3. Nc3 Nf6 4. Nf3 e6 5. Bg5 h6 6. Bh4 Be7 7. e3 O-O 8. Rc1
Nbd7 9. Bd3 b6 10. O-O Bb7 11. Ne5 c5 12. f4 Ne4 13. Bxe4 dxe4 14. Bxe7 Qxe7
15. Qc2 Nf6 16. f5 Rad8 17. Rcd1 exf5 18. Rxf5 Qe6 19. Qf2 cxd4 20. exd4 e3 21.
Qf1 Ne4 22. Re1 Rxd4 23. Rxe3 Nxc3 24. bxc3 Rd1 25. Qxd1 Qxf5 26. Nf3 Rc8 27.
Qd4 Bxf3 28. Rxf3 Qb1+ 29. Rf1 Qxa2 30. Rxf7 Kxf7 31. Qd7+ Kf6 32. Qd6+ Kf7 33.
Qd7+ Kf6 34. Qd6+ Kf7 1/2-1/2

[Event "Gjøvik GM Swiss"]
[Site "Gjøvik, Norway"]
[Date "2008.12.29"]
[Round "1"]
[White "Urkedal, Frode Olav Olsen"]
[Black "Strand, Kjetil"]
[Result "1/2-1/2"]
[WhiteElo "2316"]
[BlackElo "2057"]
[PlyCount "100"]
[EventDate "2008.12.29"]
[SourceDate "2008.12.29"]

1. d4 d5 2. c4 c6 3. Nf3 Nf6 4. Nc3 dxc4 5. a4 Bf5 6. e3 e6 7. Bxc4 Bb4 8. O-O
Nbd7 9. Qe2 O-O 10. e4 Bg6 11. Bd3 Bh5 12. e5 Nd5 13. Ne4 Be7 14. Ng3 Bg6 15.
Bxg6 hxg6 16. Ne4 c5 17. Rd1 cxd4 18. Rxd4 Rc8 19. g3 Qc7 20. Neg5 Qc2 21. Qf1
Bxg5 22. Bxg5 Nxe5 23. Nxe5 f6 24. Qh3 fxe5 25. Qxe6+ Rf7 26. Rd2 Qf5 27. Qxf5
Rxf5 28. Rxd5 Rxg5 29. Rd7 Rf5 30. Rxb7 Rc2 31. Rf1 Rf3 32. b4 a6 33. Rb6 Rb2
34. Rxg6 Rxb4 35. Rxa6 Ra3 36. Re1 e4 37. a5 Ra2 38. Rb6 Rd4 39. a6 Kh7 40. Re6
Rdd2 41. R1xe4 Rxf2 42. Rh4+ Kg8 43. Re8+ Kf7 44. Rhh8 Rg2+ 45. Kf1 Rgf2+ 46.
Ke1 Rfb2 47. Kf1 Ra1+ 48. Re1 Rxa6 49. Re2 Rf6+ 50. Ke1 Rb1+ 1/2-1/2

[Event "Gjøvik GM Swiss"]
[Site "Gjøvik, Norway"]
[Date "2008.12.29"]
[Round "1"]
[White "Wold Haug, Marianne"]
[Black "Prakken, Gerrit"]
[Result "0-1"]
[WhiteElo "1940"]
[BlackElo "2206"]
[PlyCount "55"]
[EventDate "2008.12.29"]
[SourceDate "2008.12.29"]

1. d4 Nf6 2. c4 g6 3. Nc3 Bg7 4. e4 d6 5. Nf3 O-O 6. Be2 e5 7. O-O Nc6 8. d5
Ne7 9. Bg5 h6 10. Bxf6 Bxf6 11. b4 Bg7 12. Nd2 f5 13. c5 fxe4 14. Ndxe4 Nf5 15.
Bg4 a6 16. a4 Qe7 17. a5 Bd7 18. Re1 Rf7 19. Ra2 Raf8 20. Rb2 Nd4 21. Bxd7 Qxd7
22. Qd3 Kh7 23. cxd6 cxd6 24. b5 Rc8 25. bxa6 bxa6 26. Rb6 Bf8 27. Rxa6 Qg4 28.
Kh1 0-1

[Event "Gjøvik GM Swiss"]
[Site "Gjøvik, Norway"]
[Date "2008.12.29"]
[Round "1"]
[White "Flermoen, Peter"]
[Black "Skrondal, Inge Sandstad"]
[Result "0-1"]
[WhiteElo "1977"]
[BlackElo "2216"]
[PlyCount "110"]
[EventDate "2008.12.29"]
[SourceDate "2008.12.29"]

1. e4 c5 2. Nf3 g6 3. d4 cxd4 4. Nxd4 Nf6 5. Nc3 Nc6 6. Be3 Bg7 7. Be2 O-O 8.
O-O d5 9. exd5 Nxd5 10. Nxd5 Qxd5 11. Bf3 Qc4 12. Be2 Qd5 13. Bf3 Qc4 14. Be2
Qb4 15. Nb3 Bxb2 16. Rb1 Rd8 17. Bd3 Qc3 18. Qe2 Qf6 19. Rfd1 Be5 20. Nc5 b6
21. Ne4 Qh4 22. g3 Qh5 23. Qxh5 gxh5 24. f4 Bc7 25. Nf2 Bb7 26. Be4 Rxd1+ 27.
Nxd1 Na5 28. Bxb7 Nxb7 29. Rb5 Nc5 30. Nc3 Bd6 31. f5 Rc8 32. Bd4 f6 33. Kf2
Kf7 34. Ke3 Rg8 35. a4 h4 36. gxh4 Nb7 37. Ne4 Bxh2 38. Rd5 Rd8 39. c4 Rxd5 40.
cxd5 Bg1+ 41. Kd3 Bxd4 42. Kxd4 Nd6 43. Ng3 Ke8 44. Kc3 Kd7 45. Kb4 Kc7 46. a5
Kb7 47. h5 Ka6 48. axb6 Kxb6 49. Ne2 Nxf5 50. Nf4 Ne3 51. h6 Nf5 52. Ng6 Kc7
53. Kc5 Kd7 54. Nf8+ Ke8 55. Nxh7 Kf7 0-1

[Event "Gjøvik GM Swiss"]
[Site "Gjøvik, Norway"]
[Date "2008.12.29"]
[Round "1"]
[White "Stokke, Kjetil"]
[Black "Thingstad, Even"]
[Result "1/2-1/2"]
[WhiteElo "2334"]
[BlackElo "2065"]
[PlyCount "75"]
[EventDate "2008.12.29"]
[SourceDate "2008.12.29"]

1. Nf3 Nf6 2. c4 c5 3. g3 Nc6 4. Bg2 d5 5. cxd5 Nxd5 6. d4 cxd4 7. Nxd4 Ndb4 8.
Nxc6 Qxd1+ 9. Kxd1 Nxc6 10. Bxc6+ bxc6 11. Be3 e5 12. Nd2 Be6 13. f3 Bb4 14.
Kc2 O-O-O 15. b3 Bxd2 16. Bxd2 f5 17. Rac1 Bd5 18. Rhe1 e4 19. f4 Kb7 20. Be3
Rd7 21. Kb2 Be6 22. Rc5 Rd5 23. Rec1 Rc8 24. Rxd5 Bxd5 25. Kc3 Rd8 26. Rd1 a5
27. a4 Ka6 28. b4 axb4+ 29. Kxb4 Rb8+ 30. Kc5 Rb2 31. Rd2 Rxd2 32. Bxd2 g6 33.
e3 Bb3 34. a5 h5 35. Kxc6 Bd1 36. Bc3 h4 37. gxh4 Be2 38. Kd5 1/2-1/2

[Event "Gjøvik GM Swiss"]
[Site "Gjøvik, Norway"]
[Date "2008.12.29"]
[Round "1"]
[White "Tsiolakidis, Anastasios"]
[Black "Gyldenås, Ole-Jørn"]
[Result "1-0"]
[WhiteElo "2348"]
[BlackElo "2075"]
[PlyCount "73"]
[EventDate "2008.12.29"]
[SourceDate "2008.12.29"]

1. Nf3 d5 2. b3 Nf6 3. Bb2 c6 4. g3 Bf5 5. Bg2 e6 6. O-O Be7 7. d3 O-O 8. c4
Nbd7 9. Qc2 Re8 10. Nc3 Bg6 11. a4 a5 12. cxd5 exd5 13. Nh4 Nf8 14. Nxg6 Nxg6
15. e4 dxe4 16. dxe4 Qb6 17. Rae1 Bb4 18. Re2 Ne5 19. Nd1 Qc5 20. Qb1 b5 21.
Ne3 Rad8 22. h3 Rd2 23. Rxd2 Bxd2 24. Nf5 Bc3 25. Rc1 b4 26. Qc2 Rd8 27. Bxc3
bxc3 28. Qxc3 Qxc3 29. Rxc3 Rd1+ 30. Kh2 g6 31. Ne7+ Kf8 32. Nxc6 Neg4+ 33.
hxg4 Nxg4+ 34. Kh3 Nxf2+ 35. Kh4 f6 36. Rc2 g5+ 37. Kh5 1-0

[Event "Gjøvik GM Swiss"]
[Site "Gjøvik, Norway"]
[Date "2008.12.29"]
[Round "1"]
[White "Tofte, Sondre Waage"]
[Black "Kaplan, Sasha"]
[Result "0-1"]
[WhiteElo "2120"]
[BlackElo "2425"]
[PlyCount "86"]
[EventDate "2008.12.29"]
[SourceDate "2008.12.29"]

1. e4 c5 2. Nf3 e6 3. d4 cxd4 4. Nxd4 a6 5. Nc3 Qc7 6. Be2 Nf6 7. Bf3 Nc6 8.
Bg5 Be7 9. Qd2 O-O 10. O-O h6 11. Be3 Ne5 12. Rad1 b5 13. Bf4 b4 14. Nce2 Bb7
15. Ng3 Rac8 16. Kh1 Kh7 17. Nh5 Qc5 18. Nxg7 Kxg7 19. Bxh6+ Kh7 20. Bxf8 Rxf8
21. Qf4 Nxf3 22. gxf3 Nh5 23. Qg4 Qg5 24. Ne2 d5 25. Rg1 Qxg4 26. fxg4 Nf6 27.
h3 Nxe4 28. Rgf1 Rc8 29. Nd4 Bf6 30. Kg1 Rc4 31. Nb3 Rxc2 32. Rc1 Rxc1 33. Rxc1
d4 34. Rc7 Bd5 35. Rxf7+ Kg6 36. Ra7 Bxb3 37. axb3 d3 38. Rd7 Nc5 39. Rd6 Bxb2
40. Kf1 Bc3 41. Rc6 Nxb3 42. Rxe6+ Kf7 43. Rxa6 Nd4 0-1

[Event "Gjøvik GM Swiss"]
[Site "Gjøvik, Norway"]
[Date "2008.12.29"]
[Round "1"]
[White "Torgersen, Terje"]
[Black "Dolzhikova, Olga"]
[Result "0-1"]
[WhiteElo "2051"]
[BlackElo "2291"]
[PlyCount "79"]
[EventDate "2008.12.29"]
[SourceDate "2008.12.29"]

1. e4 e5 2. d4 exd4 3. c3 d5 4. exd5 Qxd5 5. cxd4 Nf6 6. Nf3 Bb4+ 7. Nc3 O-O 8.
Be2 Re8 9. O-O Qd6 10. Nb5 Qe7 11. Ne5 c6 12. Na3 Bxa3 13. bxa3 Nbd7 14. f4 Nd5
15. Bd3 Qh4 16. g3 Qh3 17. Qc2 N7b6 18. Qf2 f6 19. Nc4 Nxc4 20. Bxc4 Qf5 21.
Bb2 Kh8 22. Rfe1 Be6 23. Bb3 Nc7 24. Bc2 Qb5 25. Bc1 Qh5 26. Bb2 Bd5 27. Bb3
Rad8 28. Bxd5 Nxd5 29. Rxe8+ Rxe8 30. Re1 h6 31. Rxe8+ Qxe8 32. Qd2 Qe4 33. Kf2
Qh1 34. Qe2 Qxh2+ 35. Kf3 Qh5+ 36. Kf2 Qf5 37. Bc1 Kh7 38. Bd2 Qc2 39. Be1 Qb1
40. Kf3 0-1

[Event "Gjøvik GM Swiss"]
[Site "Gjøvik, Norway"]
[Date "2008.12.29"]
[Round "1"]
[White "Carlsen, Ellen Øen"]
[Black "Isgandarova, Khayala"]
[Result "0-1"]
[WhiteElo "1888"]
[BlackElo "2206"]
[PlyCount "30"]
[EventDate "2008.12.29"]
[SourceDate "2008.12.29"]

1. e4 e6 2. d4 d5 3. Nd2 Nf6 4. e5 Nfd7 5. f4 c5 6. c3 Nc6 7. Ngf3 cxd4 8. cxd4
Qb6 9. Nb3 a5 10. Be3 a4 11. Nbd2 Qxb2 12. Be2 Nb4 13. Rc1 Nxa2 14. Rc2 Qa3 15.
Qa1 Nb4 0-1

[Event "Gjøvik GM Swiss"]
[Site "Gjøvik, Norway"]
[Date "2008.12.29"]
[Round "1"]
[White "Tjølsen, Katrine"]
[Black "Caspi, Israel"]
[Result "1/2-1/2"]
[WhiteElo "2110"]
[BlackElo "2408"]
[PlyCount "142"]
[EventDate "2008.12.29"]
[SourceDate "2008.12.29"]

1. Nf3 Nf6 2. c4 g6 3. Nc3 Bg7 4. e4 d6 5. d4 O-O 6. Be2 e5 7. O-O Nc6 8. d5
Ne7 9. b4 Nh5 10. Re1 f5 11. Ng5 Nf6 12. Bf3 Kh8 13. Be3 Ne8 14. c5 f4 15. Bd2
Nxd5 16. Nxd5 Qxg5 17. cxd6 c6 18. Nc7 Nxc7 19. dxc7 Be6 20. b5 c5 21. Qa4 Qe7
22. Be2 Qxc7 23. Bc4 Bd7 24. Qb3 Rad8 25. Rad1 f3 26. g3 Bc8 27. Bc3 b6 28.
Rxd8 Rxd8 29. Bb2 Rf8 30. Re3 Bg4 31. Qd1 Rd8 32. Rd3 Rxd3 33. Qxd3 Qd7 34.
Qxd7 Bxd7 35. Kf1 Bf6 36. Ke1 Kg7 37. a4 h5 38. Bb3 h4 39. Bd1 Bg4 40. Bb3 Kf8
41. Kd2 Ke7 42. Kd3 hxg3 43. hxg3 Bh3 44. Bd1 Bg2 45. Bc1 Kd7 46. Bd2 Kc7 47.
Kc4 Kd6 48. Kd3 Be7 49. Kc3 Ke6 50. Bb3+ Kf6 51. Bd1 Bd8 52. Kd3 Ke6 53. Bb3+
Kd6 54. Bd1 g5 55. g4 Bf1+ 56. Kc3 a6 57. bxa6 Bxa6 58. Bxf3 b5 59. axb5 Bxb5
60. Kc2 Bf1 61. Bc3 Bc4 62. Kd2 Bc7 63. Be2 Bb3 64. Bd1 Bf7 65. Be2 Kc6 66. Kc2
c4 67. Bd2 Bd8 68. Bc3 Bf6 69. Bb4 Bd8 70. f3 Bb6 71. Bd2 Bd8 1/2-1/2

[Event "Gjøvik GM Swiss"]
[Site "Gjøvik, Norway"]
[Date "2008.12.29"]
[Round "1"]
[White "Stray, Gunnar"]
[Black "Hammer, Jon Ludvig"]
[Result "0-1"]
[WhiteElo "2124"]
[BlackElo "2522"]
[PlyCount "132"]
[EventDate "2008.12.29"]
[SourceDate "2008.12.29"]

1. d4 Nf6 2. Nf3 e6 3. e3 d5 4. Bd3 c5 5. b3 Bd6 6. O-O O-O 7. Bb2 b6 8. Nbd2
Ba6 9. c4 Nc6 10. Ne5 Nb4 11. Be2 cxd4 12. exd4 Rc8 13. a3 Nc6 14. Rc1 dxc4 15.
Ndxc4 Bb8 16. Re1 b5 17. Nxc6 Rxc6 18. Ne5 Rxc1 19. Qxc1 Bb7 20. Qc5 a6 21. Nc6
Qd6 22. Nxb8 Qxb8 23. Qe5 Bd5 24. Qxb8 Rxb8 25. b4 Kf8 26. Bd3 Ke7 27. Rc1 Nd7
28. a4 Kd8 29. a5 Rb7 30. f3 f5 31. Kf2 Nf6 32. Rc5 Rf7 33. Ke2 g5 34. g3 h5
35. Bc1 g4 36. fxg4 hxg4 37. Bg5 Kd7 38. Bf4 Ne8 39. Kf2 Nd6 40. Kg1 Bc6 41.
Bc2 Bd5 42. Bd3 Re7 43. Be5 Bc6 44. Bf6 Re8 45. Be5 Nb7 46. Rc1 Rc8 47. Bf4 Bd5
48. Kf2 Bc4 49. Bb1 Rh8 50. Kg1 Kc6 51. Bg5 Kd5 52. Rd1 Nd8 53. Be7 Re8 54. Bc5
Nf7 55. Kf2 Kc6 56. Ke3 Rh8 57. Rd2 Ng5 58. Kf4 Nf3 59. Rf2 Nxh2 60. Ba2 Nf3
61. Bb1 Rh1 62. Bc2 Ra1 63. Bxf5 exf5 64. Kxf5 Rb1 65. Kxg4 Nxd4 66. Rf8 Be2+
0-1

[Event "Gjøvik GM Swiss"]
[Site "Gjøvik, Norway"]
[Date "2008.12.29"]
[Round "1"]
[White "Pettersen, Joar Gullestad"]
[Black "Kovachev, Daniel Jakobsen"]
[Result "1/2-1/2"]
[WhiteElo "2016"]
[BlackElo "2227"]
[PlyCount "160"]
[EventDate "2008.12.29"]
[SourceDate "2008.12.29"]

1. d4 Nf6 2. Nf3 e6 3. Bg5 h6 4. Bh4 c5 5. e3 cxd4 6. exd4 b6 7. Bd3 Bb7 8.
Nbd2 Be7 9. c3 d6 10. O-O O-O 11. Qe2 Nbd7 12. Ne4 Nxe4 13. Bxe4 Bxe4 14. Qxe4
Bxh4 15. Qxh4 Qxh4 16. Nxh4 Nf6 17. Rfe1 Rfc8 18. Kf1 b5 19. Ke2 b4 20. Rac1
bxc3 21. bxc3 Rc4 22. Kd2 Rac8 23. Rc2 Nd5 24. Rec1 R8c6 25. g3 Ra6 26. Rb1 g5
27. Ng2 Rca4 28. Rbb2 Nb6 29. Ne3 d5 30. f3 f6 31. h3 Kf7 32. f4 R6a5 33. Kd3
Ra3 34. h4 Kg6 35. Rf2 f5 36. Rfe2 gxf4 37. gxf4 Kf7 38. Rbc2 R5a4 39. Rg2 h5
40. Rg5 Rxa2 41. Rxa2 Rxa2 42. Rxh5 a5 43. Rh7+ Kg6 44. Ra7 Na4 45. Nd1 Nb2+
46. Nxb2 Rxb2 47. Rxa5 Rh2 48. Ra6 Kf6 49. Rc6 Rxh4 50. Ke3 Rh3+ 51. Ke2 Ke7
52. Rc5 Kd6 53. Rc8 Kd7 54. Rc5 Kd6 55. Rc8 Rg3 56. Rc5 Rg8 57. Kf3 Ra8 58. Ke3
Ra4 59. Kf2 Rc4 60. Rxc4 dxc4 61. Ke2 Kd5 62. Ke3 Kc6 63. Kd2 Kb5 64. Kc2 Ka5
65. Kb1 Ka4 66. Kb2 Kb5 67. Kc2 Ka4 68. Kb2 Ka5 69. Kb1 Ka6 70. Kc1 Kb6 71. Kd1
Kc6 72. Kd2 Kb7 73. Kc1 Ka6 74. Kb1 Ka7 75. Kc1 Kb6 76. Kd1 Kc7 77. Ke1 Kd7 78.
Kd1 Kc7 79. Ke1 Kd6 80. Ke2 Kc6 1/2-1/2